000 00792nam a2200253 a 4500
001 24734
003 CO-ViMGA
008 141112s2004 ck r 000 u spa d
020 _a9789588294476
040 _aCO-ViMGA
_bspa
_cCO-ViMGA
082 0 4 _aORTt
100 1 _aOrtegón, Cachi
_936916
245 1 0 _aTio tigre, tio conejo y el pedazo de queso /
_cCachi Ortegón ; ilustraciones Olga Cuellar
260 _aColombia :
_bEdiciones B,
_c2009
300 _a40 p. : 19 cm
490 _aColección Iguana
500 _aLectores en marcha
650 1 4 _aAnimales - cuentos infantiles
_920047
650 1 4 _aCuentos infantiles colombianos
_92369
650 1 4 _aLibros ilustrados para niños
_92001
650 1 4 _aRelatos llaneros
700 1 _aCuellar, Olga, il.
_936917
942 _2ddc
_cBK
999 _c11681
_d11681